| 000 | 00648nam a2200205Ia 4500 | ||
|---|---|---|---|
| 003 | GCL | ||
| 008 | 140319s9999 xx 000 0 ara d | ||
| 040 |
_aGCL / _cGCL |
||
| 082 | 0 | 4 |
_a001.5 _bع ا |
| 100 | 1 | _aعبدالحكيم بدران | |
| 245 | 1 | 0 |
_aالاعلام والتوعية العلمية / _cعبدالحكيم بدران |
| 300 | _a243 ص | ||
| 490 |
_aالهيئة العامة للاستعلامات _v0 |
||
| 650 | 0 | 4 | _aالاعلام |
| 650 | 0 | 4 | _aالوعى الاجتماعى |
| 650 | 0 | 4 | _aوسائل الاعلام |
| 650 | 0 | 4 | _aالتوعية |
| 650 | 0 | 4 | _aالاعلام - فلسفة ونظريات |
| 942 |
_2ddc _cBK |
||
| 999 |
_c50151 _d50151 |
||